header

Essentials of anatomy & physiology / (Record no. 265080)

MARC details
000 -LEADER
fixed length control field 01459cam a22004214a 4500
001 - CONTROL NUMBER
control field 14218909
003 - CONTROL NUMBER IDENTIFIER
control field OSt
005 - DATE AND TIME OF LATEST TRANSACTION
control field 20251110114214.0
008 - FIXED-LENGTH DATA ELEMENTS--GENERAL INFORMATION
fixed length control field 060104s2007 maua 001 0 eng
010 ## - LIBRARY OF CONGRESS CONTROL NUMBER
LC control number 2006000006
020 ## - INTERNATIONAL STANDARD BOOK NUMBER
International Standard Book Number 9780072943696
Qualifying information alk. paper
International Standard Book Number 0072943696
Qualifying information hard copy : alk. paper
035 ## - SYSTEM CONTROL NUMBER
System control number 14218909
System control number (OCoLC)62790356
040 ## - CATALOGING SOURCE
Original cataloging agency DLC
Transcribing agency DLC
Modifying agency YDX
-- DLC
042 ## - AUTHENTICATION CODE
Authentication code pcc
050 00 - LIBRARY OF CONGRESS CALL NUMBER
Classification number QP34.5
Item number .S418 2007
082 00 - DEWEY DECIMAL CLASSIFICATION NUMBER
Classification number 612
Edition number 22
100 1# - MAIN ENTRY--PERSONAL NAME
Personal name Seeley, Rod R.
245 10 - TITLE STATEMENT
Title Essentials of anatomy & physiology /
Statement of responsibility, etc Rod R. Seeley, Trent D. Stephens, Philip Tate.
246 3# - VARYING FORM OF TITLE
Title proper/short title Essentials of anatomy and physiology
250 ## - EDITION STATEMENT
Edition statement 6th ed.
260 ## - PUBLICATION, DISTRIBUTION, ETC. (IMPRINT)
Place of publication, distribution, etc Boston :
Name of publisher, distributor, etc McGraw-Hill Higher Education,
Date of publication, distribution, etc c2007.
300 ## - PHYSICAL DESCRIPTION
Extent xxi, 602, [64] p. :
Other physical details col. ill. ;
Dimensions 29 cm.
336 ## - CONTENT TYPE
Content type term text
Content type code txt
Source rdacontent
337 ## - MEDIA TYPE
Media type term unmediated
Media type code n
Source rdamedia
338 ## - CARRIER TYPE
Carrier type term volume
Carrier type code nc
Source rdacarrier
500 ## - GENERAL NOTE
General note Includes index.
650 #0 - SUBJECT ADDED ENTRY--TOPICAL TERM
Topical term or geographic name as entry element Human physiology.
Topical term or geographic name as entry element Human anatomy.
700 1# - ADDED ENTRY--PERSONAL NAME
Personal name Stephens, Trent D.
Personal name Tate, Philip.
856 41 - ELECTRONIC LOCATION AND ACCESS
Materials specified Table of contents only
Uniform Resource Identifier <a href="http://www.loc.gov/catdir/toc/ecip066/2006000006.html">http://www.loc.gov/catdir/toc/ecip066/2006000006.html</a>
906 ## - LOCAL DATA ELEMENT F, LDF (RLIN)
a 7
b cbc
c orignew
d 1
e ecip
f 20
g y-gencatlg
942 ## - ADDED ENTRY ELEMENTS (KOHA)
Source of classification or shelving scheme Library of Congress Classification
Koha item type Long Loan Books
Holdings
Withdrawn status Lost status Source of classification or shelving scheme Damaged status Not for loan Collection code Home library Current library Shelving location Date acquired Source of acquisition Total Checkouts Full call number Barcode Date last seen Price effective from Koha item type
    Library of Congress Classification     Non-fiction Rongo University Library Rongo University Library General Stacks 10/11/2025 Books for Africa   QP34.5 .S418 2007 20260293 10/11/2025 10/11/2025 Long Loan Books

© 2026 Rongo University
Contact us: librarian | system librarian | Rongo university